| 000 | 00733nam a2200217 a 4500 | ||
|---|---|---|---|
| 001 | 000000142 | ||
| 005 | 20260520104305.0 | ||
| 008 | 081028s2007 dr 000 0 spa d | ||
| 040 |
_aDO-SdBNP _bspa _cBNPHU _dBNPHU |
||
| 082 |
_a327 _bC766v |
||
| 111 | 2 |
_aConvención de Viena _d(1961: _cViena ) _9467 |
|
| 245 | 1 | 0 | _aConvención de Viena. |
| 260 |
_aSanto Domingo : _bSecretaría de Estado de Relaciones Exteriores, _c2007. |
||
| 300 |
_a42 p. ; _c12 cm. |
||
| 500 | _aPresentación por Ariel A. Álvarez embajador adscrito | ||
| 500 | _aContiene glosario | ||
| 590 | _aInventariado, 2018/BT | ||
| 650 | 4 |
_aConvención de viena _y1961 _9468 |
|
| 650 | 0 |
_aRelaciones internacionales _9399 |
|
| 910 | _aValidado. Control de calidad. EMS | ||
| 999 |
_c142 _d142 |
||